Il ritorno dei granchi giganti : storia della mia terribile vita /
I tiakina i:
| Kaituhi matua: | |
|---|---|
| Hōputu: | Pukapuka |
| Reo: | Itāriana |
| I whakaputaina: |
Roma \etc.! :
Theoria,
1996
|
| Rangatū: | Ritmi ;
46 |
| Ngā Tūtohu: |
Kāore He Tūtohu, Me noho koe te mea tuatahi ki te tūtohu i tēnei pūkete!
|
MARC
| LEADER | 00000nam a22000007i 4500 | ||
|---|---|---|---|
| 001 | IT\ICCU\RAV\0286705 | ||
| 003 | ItRI | ||
| 005 | 20260216102305.0 | ||
| 008 | 970114s1996 it |||||| ||||| |||||c | ||
| 020 | |a 8824104819 | ||
| 040 | |b ita |c ARCIGAY RIMINI | ||
| 041 | 7 | |a ita |2 ISO-639-2 | |
| 082 | |a 853.914 |2 20 | ||
| 100 | 1 | |a Demarchi, Andrea |c (scrittore) |0 IT\ICCU\LO1V\154194 |4 aut | |
| 245 | 1 | 3 | |a Il ritorno dei granchi giganti : |b storia della mia terribile vita / |c Andrea Demarchi. |
| 260 | |a Roma \etc.! : |b Theoria, |c 1996 | ||
| 300 | |a 137 p. ; |c 18 cm. | ||
| 830 | 0 | |a Ritmi ; |v 46 |0 IT\ICCU\VIA\0043812 | |
| 942 | |2 ddc |c BK | ||
| 952 | |0 0 |1 0 |2 ddc |4 0 |6 853_914000000000000_DEM_RIT |7 1 |9 2423 |a RN |b RN |d 2024-12-27 |l 0 |o 853.914 DEM RIT |p 9876 |r 2024-12-27 12:46:50 |w 2024-12-27 |y BK | ||
| 952 | |0 0 |1 0 |4 0 |6 DOC_853_914000000000000_DEM |7 0 |9 15453 |a BO |b BO |d 2026-01-15 |i 3833 |l 0 |o DOC 853.914 DEM |p BO3833 |r 2026-01-15 23:19:04 |w 2026-01-15 |x [Sebina 5] [1 v.] |y BK |z 1 v. | ||
| 999 | |c 2116 |d 2116 | ||